Quản trị chất lượng = Quality Management :

保存先:
書誌詳細
第一著者: Nguyễn Quang Toản
その他の著者: Nguyễn Hoàng Kiệt, Tạ Thị Kiều An
フォーマット: Sách giấy
言語:Vietnamese
出版事項: TP.HCM : Trường Đại học Kinh tế , 1998
タグ: タグ追加
タグなし, このレコードへの初めてのタグを付けませんか!
Thư viện lưu trữ: Thư viện Trường Đại học Đà Lạt
LEADER 00785nam a2200265 4500
001 DLU020010624
005 ##11/29/1999
041 # # |a vie 
082 # # |a 658.562  |b Qua 
090 # # |a 658.562  |b Qua 
100 # # |a Nguyễn Quang Toản 
245 # # |a Quản trị chất lượng =  |b Quality Management :  |b Bài tập áp dụng, câu hỏi ôn tập /  |c Toản Nguyễn Quang, Kiệt Nguyễn Hoàng, ... Tạ Thị Kiều An 
260 # # |a TP.HCM :  |b Trường Đại học Kinh tế ,  |c 1998 
300 # # |a 104 tr.;   |c 21 cm. 
700 # # |a Nguyễn Hoàng Kiệt 
700 # # |a Tạ Thị Kiều An 
992 # # |a 10000 
994 # # |a DLU 
900 # # |a False 
911 # # |a Administrator 
925 # # |a G 
926 # # |a A 
927 # # |a SH 
980 # # |a Thư viện Trường Đại học Đà Lạt